Statistiques concernant Mers du Monde

Cliquez ici pour prendre le quiz!

Statistiques générales

  • Ce quiz a été pris 2 278 fois
    (2 219 depuis la dernière actualisation)
  • Le résultat moyen est 18 sur 44

Statistiques - réponses

LocalisationMer% Correct
Entre l'Afrique du Nord et l'Europe du sudMer Méditerranée
92%
Mer au Nord de la TurquieMer Noire
92%
Entre l'Egypte et la péninsule arabiqueMer Rouge
87%
Entre la Scandinavie et les pays baltesMer Baltique
85%
Entre le Royaume-Uni et la ScandinavieMer du Nord
80%
Entre le Royaume-Uni et la BretagneManche
76%
Entre l'Italie et les BalkansMer Adriatique
74%
Entre la Grèce et la TurquieMer Egée
74%
Mer fermée entre la Jordanie et l'IsraëlMer Morte
74%
Grande mer enclavée entre l'Azerbaïdjan, l'Iran et le TurkmenistanMer Caspienne
72%
Mer bordant Cuba et l'Amérique centraleMer des Caraïbes / Mer des Antilles
63%
Entre le Japon et le continent asiatiqueMer du Japon
58%
Entre la Chine et la péninsule coréenneMer Jaune
52%
Au Sud de la jonction entre la Russie et l'AlaskaMer de Béring
49%
Entre l'Australie et la Nouvelle-ZélandeMer de Tasman
47%
Mer fermée au Nord de l'OuzbékistanMer d'Aral
43%
Entre les Baléares et l'EspagneMer des Baléares / Mer Ibérique
40%
Entre l'Irlande et le Royaume-UniMer d'Irlande
40%
Dans un golfe entre la Finlande et la RussieMer Blanche
39%
Entre l'Oman et l'IndeMer d'Arabie / Mer d'Oman
39%
Au Nord de la FinlandeMer de Barents
39%
Entre l'Islande et la NorvègeMer de Norvège
38%
Entre le Vietnam et les PhilippinesMer de Chine méridionale
35%
A l'Est de la ChineMer de Chine orientale
34%
Au Sud de l'ItalieMer Ionienne
34%
Entre le détroit de Dardanelles et de BosphoreMer de Marmara
31%
A l'Est du GroenlandMer du Groenland
30%
Entre la Sardaigne et la botte italienneMer Tyrrhénienne
30%
Au Nord de la mer de TasmanMer de Corail
29%
Entre la Crimée et la RussieMer d'Azov
26%
A l'Est des Philippines, au Sud du JaponMer des Philippines
24%
Entre la Corse et l'ItalieMer Ligure
18%
Au Sud du MyanmarMer d'Andaman
17%
A l'Est de la mer de Barents, sur les côtes russesMer de Kara
17%
Au Nord de l'AlaskaMer de Beaufort
16%
Entre le Maroc et l'EspagneMer d'Alboran
15%
Au Nord de la Sibérie orientaleMer de Sibérie orientale
15%
Entre le Nord du Japon et la RussieMer d'Okhotsk
15%
Au Nord de la SibérieMer de Laptev
13%
A l'Est de la Papouasie-Nouvelle-GuinéeMer des Salomon
13%
Au Nord de la jonction entre la Russie et l'AlaskaMer des Tchouktches
13%
Au Nord-Est de la Papouasie-Nouvelle-GuinéeMer de Bismarck
10%
Au Nord-Ouest du GroenlandMer de Lincoln
7%
Entre les îles japonaises Honshù et ShikokuMer intérieure de Seto
7%

Distribution des résultats

Percentile par nombre de réponses

% des personnes avec chaque résultat

Votre développement - résultats

Vous n’avez pas pris ce quiz depuis la dernière actualisation